Statistics for Sweden Multiple Choice

Click here to take the quiz!

General Stats

  • This quiz has been taken 399 times
    (344 since last reset)
  • The average score is 7 of 16

Answer Stats

QuestionAnswer% Correct
What is the second most populous city?Gothenburg
70%
What is the name of the bridge that connects Sweden and Denmark to each other?Öresund Bridge
69%
True or false - Sweden used to be a left-hand traffic country up until 1967True
67%
On which one of these does Sweden have a monopoly?Alcohol
50%
Which one of these is NOT one of three "Lands" of Sweden?Lappland
50%
Which one is the Sweden's largest lake?Vänern
50%
In which year did Sweden join the European Union?1995
47%
IKEA is originally from which province of Sweden?Småland
46%
Sweden has 5 recognized minority languages, which one is NOT one of them?Arabic
43%
Which one of these countries used to be a part of Sweden up until 1809?Finland
39%
The founder of current royal house of Sweden, Charles XIV John, was actually NOT Swedish. Which country was he from?France
39%
Stockholm, the capital, is built up of how many main islands?14
27%
Which one of these figures is NOT on any of the Swedish banknotes?Ingrid Bergman
27%
Which one of these was NOT made or invented by Swedes?Firefighting foam
25%
In 1766 Sweden became the first country in the world to introduce a constitutional law to abolish which one of these?Censorship
16%
Swedish wasn't made an official language of Sweden up until which year?2009
15%

Score Distribution

Percentile by Number Answered

Percent of People with Each Score

Your Score History

You have not taken this quiz since the last reset